000 00276nam a22001217a 4500
008 181221b xxu||||| |||| 00| 0 eng d
041 _aeng
080 _a336
100 _a57
101 _aFIN
245 _aMeropolis And Region In Transition
_cDuncan,B
942 _2udc
_cBK
999 _c53622
_d53622